00362nam a22001457a 4500003000400000005001700004008004100021020001800062040002400080050001800104082002100122100001900143245002800162260002600190OSt20211126112239.0211126b |||||||| |||| 00| 0 eng d a0 08 024974 4 cHawassa University  a646.11/COLb1 23a646.11/COLb1 aCollier Ann M. aA Handbook of textiles  bArnold Wheaton c1990